|
|
|
|
| LEADER |
00000nam0a2200000 4500 |
| 001 |
132234 |
| 005 |
20240812162723.0 |
| 010 |
|
|
|a 5235010116
|
| 010 |
|
|
|a 5-235-01064-7
|
| 035 |
|
|
|a (RuTPU)RU\TPU\book\143181
|
| 035 |
|
|
|a RU\TPU\book\143177
|
| 090 |
|
|
|a 132234
|
| 100 |
|
|
|a 20080228g1989 m y0rusy5003 ca
|
| 101 |
0 |
|
|a rus
|
| 102 |
|
|
|a RU
|
| 105 |
|
|
|a a z 000ay
|
| 200 |
1 |
|
|a Последний поклон
|e Повесть
|e в 2 т.
|h Т. 2. Кн. 2 (Продолжение). Кн. 3
|f В. П. Астафьев
|g худож. А. В. Озеревская ; А. Яковлев
|
| 205 |
|
|
|a [Изд. доп. и испр.]
|
| 210 |
|
|
|a Москва
|c Молодая гвардия
|d 1989
|
| 215 |
|
|
|d 21 см
|e (ил.)
|a 432 с.
|
| 606 |
1 |
|
|a Русская литература современная
|9 50316
|
| 610 |
1 |
|
|a художественная литература
|
| 610 |
1 |
|
|a сибиряки
|
| 610 |
1 |
|
|a деревня
|
| 610 |
1 |
|
|a советская литература
|
| 610 |
1 |
|
|a повести
|
| 675 |
|
|
|a Р2
|v 4
|
| 700 |
|
1 |
|a Астафьев
|b В. П.
|c русский писатель
|f 1924-2001
|g Виктор Петрович
|3 (RuTPU)RU\TPU\pers\8221
|9 1618
|
| 702 |
|
1 |
|a Озеревская
|b А. В.
|4 440
|
| 702 |
|
1 |
|a Яковлев
|b А.
|4 440
|
| 801 |
|
0 |
|a RU
|b RuMRKP
|c 19950417
|g psbo
|
| 801 |
|
1 |
|a RU
|b 63413507
|c 20080228
|g PSBO
|
| 801 |
|
2 |
|a RU
|b 63413507
|c 20190417
|g PSBO
|
| 942 |
|
|
|c BK
|